005280000a22001810004500003001100000005001700011008004100028020001500069040003900084041000800123082001300131100002300144245002600167260002400193300007000217650004300287700001600330LK-CoMWRAF20231213130004.0230817t2001 ||||| |||| 00| 0 eng d a9559764608 aLK-CoMWRAFdLK-CoMWRAFeLK-CoMWRAF aeng a391bWIM aWimalaratne, K.D.G aCostumes of Sri Lanka as.l.bs.n.c[2001?] a xx, 140 p. : ill. (chiefly color) ; 32 cmbBibliography included aClothing and dress- Sri Lanka- History aGomes, Dian